Hydraulics (Record no. 70609)

000 -LEADER
fixed length control field 00408nam a22001697a 4500
003 - CONTROL NUMBER IDENTIFIER
control field NUST - PNEC
005 - DATE AND TIME OF LATEST TRANSACTION
control field 20170116181144.0
008 - FIXED-LENGTH DATA ELEMENTS--GENERAL INFORMATION
fixed length control field 151008b xxu||||| |||| 00| 0 eng d
040 ## - CATALOGING SOURCE
Transcribing agency LIBRARY
082 ## - DEWEY DECIMAL CLASSIFICATION NUMBER
Classification number 627 KIN
100 ## - MAIN ENTRY--PERSONAL NAME
9 (RLIN) 14856
Personal name King, Horace Williams
245 ## - TITLE STATEMENT
Title Hydraulics
Statement of responsibility, etc. Horace Williams, King
250 ## - EDITION STATEMENT
Edition statement 5th ed.
260 ## - PUBLICATION, DISTRIBUTION, ETC.
Date of publication, distribution, etc. c1948
650 ## - SUBJECT ADDED ENTRY--TOPICAL TERM
9 (RLIN) 11562
Topical term or geographic name entry element Hydraulics
942 ## - ADDED ENTRY ELEMENTS (KOHA)
Source of classification or shelving scheme
Koha item type Book
Holdings
Withdrawn status Lost status Source of classification or shelving scheme Damaged status Not for loan Permanent Location Current Location Shelving location Date acquired Total Checkouts Full call number Barcode Date last seen Price effective from Koha item type
          Pakistan Navy Engineering College (PNEC) Pakistan Navy Engineering College (PNEC)       627 KIN PNECLIB-004182 10/08/2015   Book
          Pakistan Navy Engineering College (PNEC) Pakistan Navy Engineering College (PNEC)       627 KIN PNECLIB-004183 10/12/2015   Book
© 2023 Central Library, National University of Sciences and Technology. All Rights Reserved.